000 00555nam a2200193Ia 4500
005 20250507130234.0
008 008 250505s9999 xx 000 0 eng d
037 _aSeries Article
040 _aEASL
_beng
_cEASL
041 _aeng
_2eng
084 _qEASL
100 _aStockmann Daniela
_9669017
245 0 _aWho believes propaganda?Media effects the anti-japanese protests in beijing
260 _aUK
_bUK Cambridge Univesity Press UK
_c2010
300 _a269-289
650 _aChina
942 _cSRA
999 _c1318493
_d1318493